Vista normal
Vista MARC
Entrada Personal Name
Número de registros utilizados en: 3
001 - CONTROL NUMBER
- control field: 1209
003 - CONTROL NUMBER IDENTIFIER
- control field: OSt
005 - DATE AND TIME OF LATEST TRANSACTION
- control field: 20110830094444.0
008 - FIXED-LENGTH DATA ELEMENTS
- fixed length control field: 110830|||a|||||| | ||| d
040 ## - CATALOGING SOURCE
- Original cataloging agency: OSt
- Transcribing agency: OSt
100 ## - HEADING--PERSONAL NAME
- Personal name: Wilde, Oscar.
670 ## - SOURCE DATA FOUND
- Source citation: Work cat.: (OSt)373: Wilde, Oscar., The plays of Oscar Wilde. 2 / An Ideal Husband and The Importance of Being Earnest., 1997.